000 00481nam a2200145 i 4500
001 146376
003 ES-MaACL
007 t|
008 070907q19801989sp ||||1| spa d
245 0 3 _aEl Tratado de la Comunidad Económica Europea
_b: (Mercado Común Europeo).
260 _aBarcelona :
_bCámara Oficial de la Industria,
_c[s.a. 198-?]
300 _a221 p., 1 map. pleg. ;
_c24 cm.
710 2 _aCámara Oficial de la Industria.
_92404
852 _aES-MaACL
_jE-8831
_bR.93196
999 _c146376
_d146376